Catálogo
 En Linea

Diamond dilemma : shaping Korea for the 21st century. (Registro nro. 33992)

Detalles MARC
000 -CABECERA
campo de control de longitud fija 00292nam a2200109 a 4500
005 - FECHA Y HORA DE LA ÚLTIMA TRANSACCIÓN
campo de control 20200930073733.0
008 - DATOS DE LONGITUD FIJA--INFORMACIÓN GENERAL
campo de control de longitud fija 111005s2008 000 spa d
020 ## - NÚMERO INTERNACIONAL ESTÁNDAR DEL LIBRO
Número Internacional Estándar del Libro 9788991913370
040 ## - FUENTE DE LA CATALOGACIÓN
Centro catalogador/agencia de origen DO-SdBNP
245 #0 - MENCIÓN DE TÍTULO
Título Diamond dilemma : shaping Korea for the 21st century.
260 ## - PUBLICACIÓN, DISTRIBUCIÓN, ETC.
Lugar de publicación, distribución, etc. Korea,
Fecha de publicación, distribución, etc. 2008.

No hay ítems disponibles.

Con tecnología Koha